00949nam a2200241 a 4500001001000000003000900010005001700019007000300036008004100039020001800080040002500098082002600123100003100149245014300180260006000323300002100383490004000404500006000444500007400504500002100578504003200599651007600631000031487DO-SdBNP20230208110746.0ta110627s2019 dr 000 spa d a9789945613162 aDO-SdBNPbspacBNPHU 4a972.93052 bL579d2221 aLeón Olivares, Isabel de10aDefender la nación :bintelectuales dominicanos frentea la primera intervención estadounidensem 1916-1924 /cIsabel de León Olivares aSanto Domingo :bArchivo General de la Nación,c2019. a307 p. ;c23 cm.0 aArchivo General de la Naciónv356 aIncluye datos biográficos de la autora en las solapas aIncluye referencias bibliográficas y notas al pie de las páginas  aIncluye índice aBibliografía : p. 255-271 4aRepública DominicanaxHistoriayOcupación estadounidense, 1916-1924